00507nam a2200181Ia 4500003000900000008004100009020001800050040001600068080001500084100001400099245008700113250001200200260003800212300001600250650001400266650001900280650002600299IN-BaIIA211028s9999 xx 000 0 eng d a9971-51-295-5 cIIA Library a53.21bHUA aHuang, K. 0aStatistical mechanicscK. Huang  a2nd ed. aNew YorkbJohn Wiley & Sonsc2000 axiv, 493 p. amechanics aNASA thesaurus astatistical mechanics